| 000 | 00635nam a2200229 u 4500 | ||
|---|---|---|---|
| 005 | 20210223133715.0 | ||
| 008 | 181121s2005 mx r 000 0 spa d | ||
| 020 | _a9707770589 | ||
| 035 | _aUPN01000227984 | ||
| 049 | _aCG | ||
| 050 | 4 |
_aPQ7797 U3.2 _bB8.2 |
|
| 100 | 1 |
_aBucay, Jorge, _d1949- _934610 |
|
| 245 | 1 | 0 |
_aCuenta conmigo / _cJorge Bucay. |
| 260 |
_aMéxico : _bOcéano, _c2005. |
||
| 300 | _a296 p. | ||
| 440 | 0 | _aBiblioteca Jorge Bucay | |
| 650 | 4 |
_aPSICOLOGIA - _vNOVELA _913827 |
|
| 650 | 4 |
_aPSICOTERAPIA EN LA LITERATURA _927303 |
|
| 650 | 4 |
_aPSICOTERAPIA DE APOYO _96526 |
|
| 905 | _aLibro | ||
| 999 |
_c200079 _d200079 |
||